[Event "Abaza op"]
[Site "Abaza"]
[Date "2012.07.24"]
[Round "4"]
[White "Tarasov, Valentin"]
[Black "Sergeev, Ilya"]
[Result "0-1"]
[WhiteElo "2020"]
[BlackElo "2034"]
[PlyCount "68"]
[EventDate "2012.07.21"]
[EventType "swiss"]
[EventRounds "9"]
[EventCountry "RUS"]
[SourceTitle "CBM 149 Extra"]
[Source "ChessBase"]
[SourceDate "2012.08.24"]
[SourceVersion "1"]
[SourceVersionDate "2012.08.24"]
[SourceQuality "1"]

1. d4 d5 2. c4 c6 3. Nf3 Nf6 4. Nc3 dxc4 5. a4 Bf5 6. e3 e6 7. Bxc4 Bb4 8. 0-0 0-0 9. Nh4 Bg4 10. f3 Bh5 11. g4 Nd5 12. Ng2 Bg6 13. Qb3 Qa5 14. Na2 Bd6 15. e4 Nb6 16. Nc3 e5 17. Be3 N8d7 18. Be2 exd4 19. Bxd4 Nc5 20. Qc2 f6 21. Rfb1 Qb4 22. Be3 Bf7 23. a5 Nc4 24. Bxc4 Bxc4 25. Na2 Qb3 26. Rc1 Bd3 27. Qc3 b6 28. Kh1 Be5 29. Qb4 Qxb2 30. Bxc5 bxc5 31. Qxc5 Qb5 32. Qa3 Bxa1 33. Rxa1 Bc4 34. Rc1 Bf7 0-1

[Event "Abaza op"]
[Site "Abaza"]
[Date "2012.07.22"]
[Round "2"]
[White "Puraev, Artemiy"]
[Black "Sergeev, Ilya"]
[Result "1/2-1/2"]
[WhiteElo "2233"]
[BlackElo "2034"]
[PlyCount "72"]
[EventDate "2012.07.21"]
[EventType "swiss"]
[EventRounds "9"]
[EventCountry "RUS"]
[SourceTitle "CBM 149 Extra"]
[Source "ChessBase"]
[SourceDate "2012.08.24"]
[SourceVersion "1"]
[SourceVersionDate "2012.08.24"]
[SourceQuality "1"]

1. d4 d5 2. c4 c6 3. cxd5 cxd5 4. Nc3 Nf6 5. Bf4 Nc6 6. Nf3 Bf5 7. e3 a6 8. Rc1 e6 9. Qb3 Qd7 10. Ne5 Nxe5 11. Bxe5 Rc8 12. Be2 Be7 13. 0-0 0-0 14. Na4 Rxc1 15. Rxc1 Rc8 16. Nc5 Bxc5 17. dxc5 Ne4 18. Bd4 f6 19. f3 Nd6 20. Rd1 Nb5 21. e4 dxe4 22. Bxf6 Qc7 23. fxe4 Qxc5+ 24. Kh1 gxf6 25. exf5 Qxf5 26. Bc4 Rc6 27. h3 Qe5 28. Rd8+ Kf7 29. Rd7+ Kf8 30. Rd1 Rd6 31. Rf1 Rd2 32. Qf3 Nd6 33. Bb3 Nf5 34. Kg1 Ng3 35. Rd1 Ne2+ 36. Kh1 Ng3+ 1/2-1/2

[Event "Abaza op"]
[Site "Abaza"]
[Date "2011.07.24"]
[Round "9"]
[White "Bugaev, AI."]
[Black "Sergeev, Ilya"]
[Result "0-1"]
[WhiteElo "1956"]
[BlackElo "1951"]
[PlyCount "120"]
[EventDate "2011.07.16"]
[EventType "swiss"]
[EventRounds "9"]
[EventCountry "RUS"]
[SourceTitle "EXT 2012"]
[Source "ChessBase"]
[SourceDate "2011.11.24"]
[SourceVersion "1"]
[SourceVersionDate "2011.11.24"]
[SourceQuality "1"]

1. c4 g6 2. Nc3 Bg7 3. Nf3 c5 4. g3 Nc6 5. Bg2 Nf6 6. 0-0 0-0 7. a3 d5 8. cxd5 Nxd5 9. Qb3 Nc7 10. d3 b6 11. Be3 e5 12. Bg5 Qe8 13. Qc4 h6 14. Bd2 Be6 15. Qh4 g5 16. Qa4 Nd4 17. Nxd4 exd4 18. Bc6 b5 19. Bxe8 bxa4 20. Nxa4 Rfxe8 21. Nxc5 Bd5 22. Rfe1 Rab8 23. b4 Ne6 24. Rac1 Rec8 25. Kf1 Nxc5 26. Rxc5 Rxc5 27. bxc5 Bf8 28. Rc1 Rc8 29. Bb4 a5 30. Bxa5 Rxc5 31. Rxc5 Bxc5 32. Bb4 Bxb4 33. axb4 Kf8 34. e3 dxe3 35. fxe3 f5 36. Kf2 g4 37. Ke2 Ke7 38. Kd2 Kd6 39. Kc3 Kc6 40. Kd4 Kd6 41. e4 fxe4 42. dxe4 Bc6 43. b5 Bxb5 44. e5+ Ke6 45. Ke4 Be2 46. Ke3 Bd1 47. Ke4 Bc2+ 48. Kf4 Bf5 49. h3 h5 50. h4 Bh7 51. Kg5 Kxe5 52. Kxh5 Kf5 53. Kh6 Bg6 54. Kg7 Bh5 55. Kh6 Be8 56. Kg7 Ke4 57. h5 Bxh5 58. Kh6 Kf3 59. Kxh5 Kxg3 60. Kg5 Kf3 0-1